Gaming Quiz

Random Gaming or Pokémon Quiz

Pokemon TCG Energy Cards Quiz Stats

 Plays Quiz not verified by Sporcle

Support Sporcle.
Go Orange.
Score 0/39 Timer 05:00
0 Plays Today
Card % Correct
Fire
95.7%
Water
94.6%
Grass
93.5%
Darkness
88%
Lightning
87%
Metal
87%
Fighting
85.9%
Psychic
84.8%
Fairy
76.3%
Double Colorless
76.1%
Rainbow
51.1%
R
46.7%
SP
31.5%
Potion
27.2%
Aqua
25%
Magma
25%
Boost
23.9%
Double Rainbow
22.8%
Full Heal
22.8%
Multi
22.8%
Card % Correct
Cyclone
21.7%
Holon FF
20.7%
Holon GL
20.7%
Holon WP
20.7%
Heal
19.6%
Call
15.2%
Crystal
15.2%
React
15.2%
Warp
15.2%
Bounce
14.1%
Recycle
14.1%
Dark Metal
13%
Scramble
13%
Miracle
9.8%
Recover
9.8%
Retro
9.8%
Upper
8.7%
Health
7.6%
Delta Rainbow
6.5%

You're not logged in!

Compare scores with friends on all Sporcle quizzes.
OR
Log In

From the Vault

SIA Puzzle Hunt: Curds! Curds! Curds!

by SIA

We here at the SIA are so excited we used three exclamation points in this hunt puzzle.
Remove Ads.
Support Sporcle.
Get the best of Sporcle when you Go Orange. This ad-free experience offers more features, more stats, and more fun while also helping to support Sporcle. Thank you for becoming a member.

Show Comments

Extras

Created Jan 5, 2013ReportNominate
Tags:Pokémon Quiz, Energy, tcg

Top Quizzes Today


Score Distribution

Your Account Isn't Verified!

In order to create a playlist on Sporcle, you need to verify the email address you used during registration. Go to your Sporcle Settings to finish the process.

Report this User

Report this user for behavior that violates our Community Guidelines.

Details: